| 000 | 00410nam a22001697a 4500 | ||
|---|---|---|---|
| 005 | 20230825105714.0 | ||
| 008 | 230825b |||||||| |||| 00| 0 eng d | ||
| 020 | _a9781119074748 | ||
| 082 |
_a005.45 _bMAR-O |
||
| 100 | _aMarmel,Elaine | ||
| 245 | _aOffice 2016 Simplified | ||
| 260 |
_aCanada _bWiley _c2016 |
||
| 300 | _a396 pages | ||
| 500 | _aInclude index | ||
| 650 | _aMicrosoft Office | ||
| 999 |
_c33294 _d33294 |
||